Statistics for Computer Brands by Country

Click here to take the quiz!

General Stats

  • This quiz has been taken 541 times
  • The average score is 12 of 17

Answer Stats

HintAnswer% Correct
AppleUnited States
96%
DellUnited States
91%
ToshibaJapan
90%
HPUnited States
90%
SamsungSouth Korea
87%
SonyJapan
85%
FujitsuJapan
85%
PanasonicJapan
81%
AlienwareUnited States
73%
LenovoChina
68%
CompaqUnited States
65%
OlivettiItaly
55%
AcerTaiwan
54%
AsusTaiwan
50%
MedionGermany
36%
ZoostormUnited Kingdom
33%
LanixMexico
16%

Score Distribution

Percentile by Number Answered

Percent of People with Each Score

Your Score History

You have not taken this quiz